| 000 | 01476nam a22004337a 4500 | ||
|---|---|---|---|
| 001 | T0000767 | ||
| 003 | KOHA_MİRAKIL | ||
| 005 | 20260207004722.0 | ||
| 007 | ta | ||
| 008 | 220905b2022 tu |||grm|||#0|||0|tur | | ||
| 040 |
_aTR-BiSEU _btur _cTR-BiSEU _erda |
||
| 041 | 0 | _atur | |
| 044 | _ctu | ||
| 050 | 0 | 0 |
_aTez _b767 |
| 100 | 1 | _aTopuzoğlu, Cansu. | |
| 245 | 1 |
_aYükselen ekonomilerde finansal sektörün yapısal analizi/ _cCansu Topuzoğlu ; Cansu Topuzoğlu; danışman Faruk Akın. |
|
| 264 | 1 |
_aBilecik : _bBilecik Şeyh Edebali Üniversitesi _c2022 |
|
| 300 |
_aXI; 127 sayfa: resimli; 30 cm. + _e1CD-ROM. |
||
| 336 |
_ametin _btxt _2rdacontent |
||
| 337 |
_aaracısız _bn _2rdamedia |
||
| 338 |
_acilt _bnc _2rdacarrier |
||
| 490 | 0 | _aRef. | |
| 490 | 0 | _aNo: 10214836 | |
| 500 | _aKaynakça var. | ||
| 500 | _aİngilizce Eser Adı: Structural analysis of the financial sector in emerging economies. | ||
| 502 | _aTez (Yüksek Lisans) -- Bilecik Şeyh Edebali Üniversitesi Sosyal Bilimler Enstitüsü Bankacılık ve Finans Anabilim Dalı, Bilecik, . | ||
| 650 | 0 |
_aYükselen ekonomiler. _9128468 |
|
| 650 | 0 |
_aFinans. _96357 |
|
| 650 | 0 |
_aBanka. _9128469 |
|
| 650 | 0 |
_aSigorta. _920021 |
|
| 650 | 0 |
_aSermaye piyasası. _95824 |
|
| 650 | 0 |
_aEmerging. _9128470 |
|
| 650 | 0 |
_aEconomies. _9128471 |
|
| 650 | 0 |
_aFinance. _98297 |
|
| 830 | 0 |
_aRef. _9123605 |
|
| 830 | 0 |
_aNo: 10214836 _9128472 |
|
| 907 | _aYüksek Lisans | ||
| 942 |
_2lcc _cTS |
||
| 999 |
_c68257 _d68257 |
||